| 000 | 00724nam a2200229Ia 4500 | ||
|---|---|---|---|
| 003 | OSt | ||
| 005 | 20221005123510.0 | ||
| 006 | a|||||r|||| 00| 0 | ||
| 007 | ta | ||
| 008 | 221004b |||||||| |||| 00| 0 eng d | ||
| 024 | _a40166 | ||
| 037 | _cTextual | ||
| 040 |
_aCRL _cCRL _beng |
||
| 041 |
_2eng _aeng |
||
| 082 | _aO:6L09wxL40x, G9;K4.3-;4 | ||
| 100 | _aBoswell James | ||
| 245 | 0 |
_aLife of Johnson _b Together with Boswell's journal of a tour to the Hebrides and Johnson's diary of a jorney into North Wales ed by George Birkbeck Hill |
|
| 260 | _c1939 | ||
| 650 | _aENGLISH LITERATURE | ||
| 942 |
_hO:6L09wxL40x, G9;K4.3-;4 _cTEXL _2cc |
||
| 999 |
_c1047606 _d1047606 |
||